[Event "Chigorin Memorial 22nd"]
[Site "St Petersburg"]
[Date "2014.10.25"]
[Round "8"]
[White "Belov, Nikita"]
[Black "Ngnegevo, Filipp"]
[Result "1/2-1/2"]
[WhiteElo "2106"]
[BlackElo "1936"]
[PlyCount "87"]
[EventDate "2014.10.18"]
[EventType "swiss"]
[EventRounds "9"]
[EventCountry "RUS"]
[SourceTitle "EXT 2015"]
[Source "ChessBase"]
[SourceDate "2014.11.20"]
[SourceVersion "1"]
[SourceVersionDate "2014.11.20"]
[SourceQuality "1"]

1. c4 Nf6 2. Nc3 g6 3. g3 d5 4. cxd5 Nxd5 5. Bg2 Nb6 6. Nf3 Bg7 7. 0-0 Nc6 8. d3 0-0 9. Be3 Bg4 10. Qd2 Qc8 11. Bh6 Bh3 12. Bxg7 Kxg7 13. Qf4 Bxg2 14. Kxg2 a6 15. Rac1 Qd7 16. Rfd1 Rac8 17. e4 Qd6 18. Qe3 e5 19. d4 exd4 20. Nxd4 Nc4 21. Qe2 Nxd4 22. Qxc4 c5 23. Qd3 Qe5 24. f4 Qe6 25. Nd5 Nb5 26. a4 Nd6 27. Qc3+ Kh6 28. e5 Nf5 29. Nf6 Nd4 30. Qe3 Qc6+ 31. Kf2 Nf5 32. Qc3 Qxa4 33. Ng4+ Kg7 34. e6+ Nd4 35. e7 Rfe8 36. Qe3 f6 37. Qc3 Qd7 38. h3 Qxe7 39. Re1 Qf7 40. Rxe8 Rxe8 41. Ne3 b6 42. Re1 Re4 43. Qd3 Qe6 44. Qxa6 1/2-1/2

[Event "Chigorin Memorial 22nd"]
[Site "St Petersburg"]
[Date "2014.10.19"]
[Round "2"]
[White "Belov, Nikita"]
[Black "Demidov, Mikhail"]
[Result "0-1"]
[WhiteElo "2106"]
[BlackElo "2516"]
[PlyCount "120"]
[EventDate "2014.10.18"]
[EventType "swiss"]
[EventRounds "9"]
[EventCountry "RUS"]
[SourceTitle "EXT 2015"]
[Source "ChessBase"]
[SourceDate "2014.11.20"]
[SourceVersion "1"]
[SourceVersionDate "2014.11.20"]
[SourceQuality "1"]

1. c4 e5 2. g3 g6 3. Nc3 Bg7 4. Bg2 Ne7 5. e3 Nbc6 6. Nge2 d6 7. 0-0 0-0 8. d3 Be6 9. Nd5 Rb8 10. Nec3 a6 11. Qa4 Bd7 12. Qc2 Nf5 13. b4 Na7 14. Ne4 c6 15. Ndc3 b5 16. a3 Be6 17. Ne2 Qc7 18. cxb5 axb5 19. Bb2 h6 20. Qd2 Ne7 21. d4 Rbd8 22. Rfc1 Bc4 23. a4 d5 24. Nc5 Bxe2 25. Qxe2 exd4 26. Bxd4 Bxd4 27. exd4 bxa4 28. Nxa4 Nf5 29. Qd3 Qb8 30. Bh3 Ne7 31. Nc5 Qc7 32. Re1 Nb5 33. Rad1 Nd6 34. Qf3 Nef5 35. g4 Ng7 36. Qf6 Rfe8 37. g5 Nh5 38. Qf3 hxg5 39. Re5 Nb5 40. Rxg5 Nf4 41. Bf1 Kg7 42. Rg4 Nh5 43. Bd3 Rd6 44. Rg5 Rf6 45. Qg4 Nf4 46. Nd7 Nxd4 47. Nxf6 Kxf6 48. Kf1 Nde6 49. h4 Nxg5 50. hxg5+ Kg7 51. Ba6 Qe5 52. Qf3 Qxg5 53. Rd4 Ne6 54. Rg4 Qc1+ 55. Kg2 Rh8 56. Bf1 Rh5 57. Qg3 Qd1 58. Qf3 Qc1 59. Qg3 Rf5 60. Bd3 Nf4+ 0-1

[Event "Chigorin Memorial 22nd"]
[Site "St Petersburg"]
[Date "2014.10.18"]
[Round "1"]
[White "Yakovich, Yuri"]
[Black "Belov, Nikita"]
[Result "1/2-1/2"]
[WhiteElo "2523"]
[BlackElo "2106"]
[PlyCount "82"]
[EventDate "2014.10.18"]
[EventType "swiss"]
[EventRounds "9"]
[EventCountry "RUS"]
[SourceTitle "EXT 2015"]
[Source "ChessBase"]
[SourceDate "2014.11.20"]
[SourceVersion "1"]
[SourceVersionDate "2014.11.20"]
[SourceQuality "1"]

1. c4 Nf6 2. Nc3 g6 3. g3 Bg7 4. Bg2 0-0 5. d4 d6 6. Nf3 Nbd7 7. 0-0 c6 8. e4 Qc7 9. h3 e5 10. Be3 exd4 11. Nxd4 Re8 12. Qc2 Nc5 13. b4 Ne6 14. Nb3 Bd7 15. Rac1 Rac8 16. f4 d5 17. exd5 cxd5 18. c5 a5 19. a3 a4 20. Nd4 Nxc5 21. Qd2 Na6 22. Nxd5 Qd6 23. Rxc8 Rxc8 24. Nxf6+ Bxf6 25. Bxb7 Re8 26. Nc2 Qxd2 27. Bxd2 Bf5 28. Bxa6 Bxc2 29. Rc1 Bd4+ 30. Kf1 Bf5 31. g4 Be6 32. Bb5 Re7 33. Bc3 Be3 34. Rd1 f5 35. g5 Bb3 36. Rd8+ Kf7 37. Be5 Bc1 38. Ra8 Bxa3 39. Bxa4 Bc4+ 40. Kf2 Bxb4 41. Rc8 Bd5 1/2-1/2

[Event "Chigorin Memorial 21st"]
[Site "St Petersburg"]
[Date "2013.10.13"]
[Round "9"]
[White "Belov, Nikita"]
[Black "Kostin, Alexey"]
[Result "0-1"]
[WhiteElo "2108"]
[BlackElo "2306"]
[PlyCount "50"]
[EventDate "2013.10.05"]
[EventType "swiss"]
[EventRounds "9"]
[EventCountry "RUS"]
[SourceTitle "CBM 156 Extra"]
[Source "ChessBase"]
[SourceDate "2013.10.22"]
[SourceVersion "1"]
[SourceVersionDate "2013.10.22"]
[SourceQuality "1"]

1. c4 Nf6 2. g3 e5 3. Bg2 h5 4. h4 g6 5. Nc3 Bg7 6. d3 d6 7. Bg5 0-0 8. Qd2 Re8 9. 0-0-0 c6 10. Ne4 Nxe4 11. dxe4 Qb6 12. Be3 Qa6 13. b3 b5 14. c5 dxc5 15. Bxc5 Nd7 16. Bd6 c5 17. e3 c4 18. b4 Re6 19. Ne2 Rxd6 20. Qxd6 Qxa2 21. Rd2 Qa3+ 22. Kd1 a5 23. bxa5 Qxa5 24. Nc1 Qa4+ 25. Ke1 Bf8 0-1

[Event "Chigorin Memorial 20th"]
[Site "St Petersburg"]
[Date "2012.10.27"]
[Round "1"]
[White "Alekseenko, Kirill"]
[Black "Belov, Nikita"]
[Result "1-0"]
[WhiteElo "2434"]
[BlackElo "2034"]
[PlyCount "65"]
[EventDate "2012.10.27"]
[EventType "swiss"]
[EventRounds "9"]
[EventCountry "RUS"]
[SourceTitle "EXT 2013"]
[Source "ChessBase"]
[SourceDate "2012.11.22"]
[SourceVersion "1"]
[SourceVersionDate "2012.11.22"]
[SourceQuality "1"]

1. e4 e6 2. Nf3 d5 3. Nc3 d4 4. Ne2 c5 5. Ng3 Nc6 6. Bb5 Bd7 7. 0-0 Bd6 8. c3 h5 9. cxd4 cxd4 10. d3 h4 11. Ne2 e5 12. Bg5 Be7 13. Qd2 Bxg5 14. Nxg5 f6 15. Nf3 g5 16. Rac1 Nh6 17. Rc5 Nf7 18. Rfc1 g4 19. Ne1 Ng5 20. b4 h3 21. Bxc6 Bxc6 22. g3 Ne6 23. R5c2 Rh5 24. f4 f5 25. fxe5 fxe4 26. dxe4 Qg5 27. Nf4 Nxf4 28. gxf4 Qg7 29. Qd3 Qh6 30. Rf2 Kf7 31. b5 Bd7 32. Rc7 Qe6 33. f5 1-0

[Event "St Petersburg Botvinnik Memorial op"]
[Site "St Petersburg"]
[Date "2012.08.31"]
[Round "7"]
[White "Belov, Nikita"]
[Black "Nikitinyh, Boris Aleksandrovic"]
[Result "1-0"]
[WhiteElo "1992"]
[BlackElo "2185"]
[PlyCount "112"]
[EventDate "2012.08.25"]
[EventType "swiss"]
[EventRounds "9"]
[EventCountry "RUS"]
[SourceTitle "CBM 150 Extra"]
[Source "ChessBase"]
[SourceDate "2012.10.19"]
[SourceVersion "1"]
[SourceVersionDate "2012.10.19"]
[SourceQuality "1"]

1. c4 e5 2. Nc3 d6 3. g3 Nf6 4. Bg2 Be7 5. d3 0-0 6. e3 c6 7. Nge2 Be6 8. 0-0 Qd7 9. b3 Bh3 10. Bb2 Na6 11. Qd2 Bxg2 12. Kxg2 Rad8 13. f4 Rfe8 14. e4 Bf8 15. Nd1 Nc5 16. Nf2 g6 17. h3 Bg7 18. g4 exf4 19. Nxf4 Ne6 20. Nxe6 Qxe6 21. g5 Nd7 22. Bxg7 Kxg7 23. Ng4 c5 24. Qc3+ Ne5 25. Rf6 Qd7 26. Raf1 Re7 27. Nh6 Kf8 28. Nxf7 Rxf7 29. Rxf7+ Nxf7 30. Qh8+ Ke7 31. Qxh7 Rf8 32. Qxg6 Ke8 33. Rf5 Qe7 34. Rf6 Kd8 35. Qg7 Ke8 36. Qg6 Kd8 37. Qf5 Rg8 38. h4 Ne5 39. Re6 Qd7 40. Kg3 Kc7 41. Rf6 Rg7 42. g6 Qd8 43. h5 Nd7 44. Re6 Rg8 45. Qf4 Ne5 46. Rf6 Nxd3 47. Rf7+ Kc6 48. Qf5 Ne5 49. Rf6 Qe7 50. Re6 Qg7 51. Qxe5 Qxe5+ 52. Rxe5 dxe5 53. Kg4 Kd6 54. Kg5 Ke7 55. h6 Rd8 56. h7 Rh8 1-0

[Event "St Petersburg Spring op"]
[Site "St Petersburg"]
[Date "2012.03.27"]
[Round "6"]
[White "Belov, Nikita"]
[Black "Klevets, Ksenia"]
[Result "1/2-1/2"]
[WhiteElo "2013"]
[BlackElo "1815"]
[PlyCount "151"]
[EventDate "2012.03.22"]
[EventType "swiss"]
[EventRounds "9"]
[EventCountry "RUS"]
[SourceTitle "EXT 2013"]
[Source "ChessBase"]
[SourceDate "2012.11.22"]
[SourceVersion "1"]
[SourceVersionDate "2012.11.22"]
[SourceQuality "1"]

1. c4 e5 2. Nc3 Nf6 3. g3 d5 4. cxd5 Nxd5 5. Bg2 Nb6 6. Nf3 Nc6 7. d3 Be7 8. 0-0 0-0 9. a3 Be6 10. Be3 f6 11. Rc1 a6 12. b4 Nd5 13. Nxd5 Bxd5 14. Bc5 Bxc5 15. Rxc5 Ne7 16. e4 Bc6 17. Qb3+ Kh8 18. Rd1 Qd7 19. Rd2 b6 20. Rc4 Bb7 21. d4 Bxe4 22. dxe5 Bd5 23. Qc3 c6 24. exf6 Rxf6 25. Ne5 Qf5 26. Bxd5 cxd5 27. Qd4 Rd8 28. Rc7 Ng6 29. Ng4 Rf7 30. Rxf7 Qxf7 31. f4 Qc7 32. f5 Ne7 33. Ne3 Nc6 34. Qd3 Ne5 35. Qe2 d4 36. Ng4 Nxg4 37. Qxg4 Qc1+ 38. Qd1 Qxa3 39. f6 gxf6 40. Qf1 Kg7 41. Qf4 Qc3 42. Qg4+ Kh8 43. Qf4 d3 44. Kg2 Qc6+ 45. Kh3 Qe6+ 46. g4 Qe5 47. Qf3 Qc3 48. Qf4 Qd4 49. Qf3 Kg7 50. Qg3 Qe5 51. Qf3 Qd5 52. Qg3 a5 53. Qc7+ Rd7 54. Qxb6 axb4 55. Qxb4 Qf3+ 56. Kh4 Qe3 57. Qb5 Qe1+ 58. Kh3 Qf1+ 59. Kh4 Qe1+ 60. Kh3 Qe3+ 61. Kh4 Qxd2 62. Qxd7+ Kh6 63. Qd6 Qe1+ 64. Kh3 Qe3+ 65. Kh4 Qg5+ 66. Kh3 Qe3+ 67. Kh4 Qf2+ 68. Kh3 Qf3+ 69. Kh4 Kg6 70. Qd8 Qf2+ 71. Kh3 Qe3+ 72. Kh4 Qg5+ 73. Kh3 Qh6+ 74. Kg3 Qe3+ 75. Kh4 Qh6+ 76. Kg3 1/2-1/2

[Event "St Petersburg Autumn op"]
[Site "St Petersburg"]
[Date "2011.10.30"]
[Round "3"]
[White "Belov, Nikita"]
[Black "Bryndin, Vladimir"]
[Result "0-1"]
[WhiteElo "2030"]
[BlackElo "2235"]
[PlyCount "106"]
[EventDate "2011.10.28"]
[EventType "swiss"]
[EventRounds "9"]
[EventCountry "RUS"]
[SourceTitle "EXT 2013"]
[Source "ChessBase"]
[SourceDate "2012.11.22"]
[SourceVersion "1"]
[SourceVersionDate "2012.11.22"]
[SourceQuality "1"]

1. Nf3 d6 2. c4 g6 3. b3 Bg7 4. Nc3 Nc6 5. Bb2 e5 6. d3 Nge7 7. g3 h6 8. Bg2 Be6 9. 0-0 Qd7 10. Re1 0-0 11. e3 Bg4 12. Qd2 g5 13. d4 Bxf3 14. Bxf3 exd4 15. exd4 Nxd4 16. Bxb7 c6 17. Qd3 Qxb7 18. Ne4 c5 19. Bxd4 Bxd4 20. Qf3 Rab8 21. Rad1 f5 22. Nd2 Qxf3 23. Nxf3 Kf7 24. Nxd4 cxd4 25. Rxd4 Rfd8 26. Red1 Ke6 27. Re1+ Kf6 28. Red1 Rb6 29. c5 Ra6 30. b4 d5 31. b5 Rxa2 32. Rb4 Rc2 33. c6 Rc5 34. Kf1 Nc8 35. Ra1 Re8 36. Ra6 Re6 37. Kg2 g4 38. Ra2 Re1 39. f3 h5 40. fxg4 hxg4 41. Rf2 Ke6 42. h3 gxh3+ 43. Kxh3 Re3 44. Rh4 Rxb5 45. Rh8 Nd6 46. Rc2 Rb1 47. Kg2 Rbe1 48. Rc5 R3e2+ 49. Kf3 Ne4 50. Re8+ Kd6 51. Rxe4 dxe4+ 52. Kf4 Rf2+ 53. Kg5 Kc7 0-1

[Event "St Petersburg Autumn op"]
[Site "St Petersburg"]
[Date "2010.10.16"]
[Round "1"]
[White "Elizarova, Taisia"]
[Black "Belov, Nikita"]
[Result "0-1"]
[WhiteElo "1634"]
[BlackElo "2039"]
[PlyCount "74"]
[EventDate "2010.10.16"]
[EventType "swiss"]
[EventRounds "9"]
[EventCountry "RUS"]
[SourceTitle "EXT 2011"]
[Source "ChessBase"]
[SourceDate "2010.11.26"]
[SourceVersion "1"]
[SourceVersionDate "2010.11.26"]
[SourceQuality "1"]

1. d4 Nf6 2. c4 g6 3. Nf3 Bg7 4. g3 d6 5. Bg2 0-0 6. 0-0 Nbd7 7. Qc2 c5 8. d5 Nb6 9. e4 e6 10. Bf4 exd5 11. exd5 Nh5 12. Bg5 Qd7 13. Nbd2 h6 14. Be3 Re8 15. Rac1 Qf5 16. Qb3 Qf6 17. Qc3 Bf5 18. h3 Qxc3 19. bxc3 Nxg3 20. Rfe1 Ne4 21. Nxe4 Bxe4 22. Nd2 Bxg2 23. Kxg2 Na4 24. Nb1 Nb2 25. Re2 Nxc4 26. Rce1 g5 27. Bc1 Rxe2 28. Rxe2 Nb6 29. Rd2 Re8 30. Kf1 Re5 31. Na3 Rxd5 32. Rxd5 Nxd5 33. Nc4 Nxc3 34. Nxd6 Nxa2 35. Ba3 b6 36. Nc8 c4 37. Nxa7 Bf8 0-1